| Поле | Название | Значение |
| |
Тип записи |
a |
| |
Библиографический уровень |
m |
| 001 |
Контрольный номер |
LIBNET\0000918598 |
| 005 |
Дата корректировки |
20220426151456.4 |
| 010 |
Индекс ISBN |
__ |
| a |
ISBN |
978-5-91476-099-8 (в пер.) |
| d |
Цена |
750-03, 500 экз. |
| 100 |
Данные общей обработки |
__ |
| a |
Данные общей обработки |
19180907d2018|||||||y0rusy0189 ca |
| 101 |
Язык документа |
0_ |
| a |
Язык текста |
rus |
| 102 |
Страна публикации |
__ |
| a |
Страна публикации |
RU |
| 102 |
Страна публикации |
__ |
| a |
Страна публикации |
RU |
| 105 |
Кодированные данные (монография) |
__ |
| a |
Кодированные данные (монография) |
aсh|||||001zy |
| 200 |
Заглавие и сведения об ответственности |
1_ |
| a |
Заглавие |
Карамзин-писатель |
| e |
Сведения, относящиеся к заглавию |
[коллективная монография] |
| f |
Первые сведения об ответственности |
Институт русской литературы (Пушкинский Дом) РАН, Страсбургский университет, Группа восточных, славянских и новогреческих исследований ; под редакцией Н. Д. Кочетковой [и др.] |
| b |
Общее обозначение материала |
Текст |
| 200 |
Заглавие и сведения об ответственности |
1_ |
| d |
Параллельное заглавие |
Nikolai Karamzin Ecrivain |
| 210 |
Выходные данные |
1_ |
| a |
Место издания |
Санкт-Петербург |
| c |
Издательство |
Пушкинский Дом |
| d |
Дата издания |
2018 |
| 215 |
Физическое описание |
__ |
| a |
Объем |
382, [1] с., [8] л. цв. ил. |
| c |
Иллюстрации/тип воспроизводства |
портр., факс. |
| d |
Формат |
21 см |
| 300 |
Общие примечания |
__ |
| a |
Общие примечания |
Организации указаны на авантитуле |
| 300 |
Общие примечания |
__ |
| a |
Общие примечания |
Резюме на английском языке |
| 330 |
Аннотация |
__ |
| a |
Аннотация |
Коллективная монография создана на основе материалов конференции, проходившей в 2016 году в Институте русской литературы (Пушкинский Дом) РАН в связи с 250-летием со дня рождения Н. М. Карамзина. Среди иллюстраций представлены документы из фонда Рукописного отдела и Литературного музея Пушкинского Дома. |
| 512 |
Заглавие обложки |
1_ |
| a |
Заглавие обложки |
Карамзин писатель |
| 600 |
Персоналии |
_1 |
| a |
Персоналии (Фамилия) |
Карамзин, Н. М. |
| f |
Даты |
1766-1826 |
| g |
Полное имя |
Николай Михайлович |
| 606 |
Тематические рубрики |
__ |
| a |
Основная рубрика |
Литературоведение |
| 606 |
Тематические рубрики |
__ |
| a |
Основная рубрика |
Русская литература XIX в. |
| 606 |
Тематические рубрики |
__ |
| a |
Основная рубрика |
Русская литература XVIII в. |
| 610 |
Ключевые слова |
0_ |
| a |
Ключевые слова |
русская классическая литература |
| 610 |
Ключевые слова |
0_ |
| a |
Ключевые слова |
русские классики |
| 610 |
Ключевые слова |
0_ |
| a |
Ключевые слова |
писатели |
| 610 |
Ключевые слова |
0_ |
| a |
Ключевые слова |
литературное творчество |
| 610 |
Ключевые слова |
0_ |
| a |
Ключевые слова |
литературная критика |
| 610 |
Ключевые слова |
0_ |
| a |
Ключевые слова |
поэзия |
| 610 |
Ключевые слова |
0_ |
| a |
Ключевые слова |
повести |
| 610 |
Ключевые слова |
0_ |
| a |
Ключевые слова |
литературные конференции |
| 610 |
Ключевые слова |
0_ |
| a |
Ключевые слова |
материалы конференций |
| 610 |
Ключевые слова |
0_ |
| a |
Ключевые слова |
персоналии |
| 686 |
Индексы других классификаций |
__ |
| 2 |
Код системы |
rubbks |
| a |
Классификационный индекс |
83.3(2=411.2)51-8 |
| 702 |
Вторичная интеллектуальная ответственность |
_1 |
| a |
Фамилия |
Кочеткова |
| b |
Имя |
Н. Д. |
| 4 |
Код отношения |
Редактор |
| f |
Даты |
1938- |
| g |
Полное личное имя |
Наталья Дмитриевна |
| 4 |
Код отношения |
340 |
| 702 |
Вторичная интеллектуальная ответственность |
_1 |
| a |
Фамилия |
Веселова |
| b |
Имя |
А. Ю. |
| 4 |
Код отношения |
Редактор |
| f |
Даты |
1972- |
| g |
Полное личное имя |
Александра Юрьевна |
| 4 |
Код отношения |
340 |
| 702 |
Вторичная интеллектуальная ответственность |
_1 |
| a |
Фамилия |
Бодэн |
| b |
Имя |
Р. |
| 4 |
Код отношения |
Редактор |
| g |
Полное личное имя |
Родольф |
| 4 |
Код отношения |
340 |
| 711 |
Наименование организации. (Альтернативная ответственность) |
02 |
| a |
Организация/ юрисдикция |
Институт русской литературы (Пушкинский Дом) |
| 711 |
Наименование организации. (Альтернативная ответственность) |
02 |
| a |
Организация/ юрисдикция |
Страсбургский университет |
| b |
Другие уровни |
Группа восточных, славянских и новогреческих исследований |
| 711 |
Наименование организации. (Альтернативная ответственность) |
02 |
| a |
Организация/ юрисдикция |
Российская академия наук |
| 711 |
Наименование организации. (Альтернативная ответственность) |
02 |
| a |
Организация/ юрисдикция |
"Карамзин-писатель", международная конференция |
| e |
Место проведения |
Санкт-Петербург |
| f |
Дата проведения |
2016 |
| 801 |
Источник записи |
_0 |
| a |
Страна |
RU |
| b |
Организация |
Тюменская ОНБ |
| c |
Дата составления |
20180907 |
| g |
Правила каталогизации |
PSBO |
| 801 |
Источник записи |
_2 |
| a |
Страна |
RU |
| b |
Организация |
Муниципальное бюджетное учреждение культуры "Централизованная библиотечная система" г. Сургут (Центральная городская библиотека им. А. С. Пушкина) |
| c |
Дата составления |
20180907 |
| 852 |
Данные о местонахождении |
__ |
| j |
Шифр хранения |
83.3(2=411.2)51-8 |
| i |
Авторский знак |
К 21 |
| 901 |
Тип документа |
__ |
| a |
Ответственный |
КиК/Котельникова |
| t |
Тип документа |
m |
| 903 |
Характеристики (МАРС) |
__ |
| a |
Дата передачи |
20191219 |
| 969 |
Тип издания |
__ |
| a |
Тип издания |
научное издание |
| 990 |
Данные о заказе (DOS) |
__ |
| j |
Количество экземпляров (DOS) |
1 |
| t |
N записи в КСУ для И/У (DOS) |
202001 |